000 01342nam a2200337Ia 4500
001 ebr10598241
003 CaPaEBR
006 m u
007 cr cn|||||||||
008 920721s1991 gw a sb 001 0 eng d
010 _z 91034309
020 _z3110133903 (cloth : alk. paper)
020 _z9783110133905
020 _z9783110875843 (ebook)
040 _aCaPaEBR
_cCaPaEBR
035 _a(OCoLC)815507000
050 1 4 _aBC71
_b.F738 1991eb
082 0 4 _a168
_220
100 1 _aFreeman, James B.
245 1 0 _aDialectics and the macrostructure of arguments
_h[electronic resource] :
_ba theory of argument structure /
_cJames B. Freeman.
260 _aBerlin ;
_aNew York :
_bForis Publications,
_c1991.
300 _axiv, 273 p. :
_bill.
440 0 _aStudies of argumentation in pragmatics and discourse analysis ;
_v10
504 _aIncludes bibliographical references (p. [263]-267) and index.
533 _aElectronic reproduction.
_bPalo Alto, Calif. :
_cebrary,
_d2011.
_nAvailable via World Wide Web.
_nAccess may be limited to ebrary affiliated libraries.
650 0 _aLogic.
650 0 _aReasoning.
655 7 _aElectronic books.
_2local
710 2 _aebrary, Inc.
856 4 0 _uhttp://site.ebrary.com/lib/rucke/Doc?id=10598241
_zAn electronic book accessible through the World Wide Web; click to view
999 _c213227
_d213227